[Event "AUTO-ELITE-580"]
[Site "http://www.queenalice.com/game.php?id=799223"]
[Date "2010.7.5"]
[Round "1"]
[White "Pollyanna"]
[Black "bhblakie"]
[Result "0-1"]
[WhiteElo "2510"]
[BlackElo "2290"]

1. c3 e5 2. d4 exd4 3. cxd4 d5 4. e3 Nf6 5. Nf3 Nc6 6. a3 Bf5 7. Nc3 Be7 8. Bd3
Qd7 9. O-O Bxd3 10. Qxd3 O-O 11. Ne5 Qe6 12. f4 a6 13. Bd2 Rfd8 14. Rf3 Rac8 15.
Raf1 Nb8 16. Rh3 c5 17. Be1 Nbd7 18. Bh4 h6 19. Rd1 b5 20. Rf3 b4 21. axb4 cxb4
22. Ne2 a5 23. Ra1 Ra8 24. b3 Rdc8 25. Qb5 Bd8 26. Be1 Rab8 27. Qd3 Ne4 28. Rf1
Rb7 29. Kh1 h5 30. Kg1 h4 31. Rf3 Qf5 32. Rh3 Rbc7 33. Bxh4 Bxh4 34. Rxh4 Rc2
35. g4 Qe6 36. Nf3 f5 37. Ne5 fxg4 38. Rf1 Rd2 39. Qb5 Nxe5 0-1

[Event "Challenge #01"]
[Site "http://www.queenalice.com/game.php?id=802318"]
[Date "2010.7.12"]
[Round "-"]
[White "Aylton"]
[Black "bhblakie"]
[Result "0-1"]
[WhiteElo "2018"]
[BlackElo "2276"]

1. f4 d5 2. Nf3 Nf6 3. d3 Nc6 4. e3 Bg4 5. h3 Bxf3 6. Qxf3 e6 7. Be2 Bd6 8. a3
O-O 9. O-O a6 10. Nd2 e5 11. f5 Qe7 12. c3 e4 13. Qf2 exd3 14. Bxd3 Rfe8 15. Nf3
Na5 16. Nd4 c5 17. Nc2 c4 18. Be2 Nb3 19. Rb1 Ne4 20. Qe1 Ng3 21. Rf3 Qe5 22.
Qf2 Ne4 23. g4 Nxf2 24. Kxf2 Qe4 25. Bd1 Qd3 26. Ke1 Be7 0-1

[Event "Challenge #02"]
[Site "http://www.queenalice.com/game.php?id=802319"]
[Date "2010.7.12"]
[Round "-"]
[White "bhblakie"]
[Black "Aylton"]
[Result "1-0"]
[WhiteElo "2271"]
[BlackElo "2024"]

1. d4 d5 2. Nf3 Nf6 3. c4 e6 4. Nc3 a6 5. Bg5 c6 6. e4 dxe4 7. Nxe4 Be7 8. Bd3
h6 9. Nxf6+ Bxf6 10. Bxf6 Qxf6 11. Qe2 O-O 12. O-O b5 13. Ne5 Bb7 14. Qe4 Rd8
15. Qh7+ Kf8 16. f4 Rxd4 17. f5 Qxe5 18. Rae1 Qxe1 19. Rxe1 Rxd3 20. fxe6 fxe6
21. Qxd3 Ke7 22. Rd1 1-0

[Event "AUTO-MASTER-997"]
[Site "http://www.queenalice.com/game.php?id=835458"]
[Date "2010.9.20"]
[Round "2"]
[White "bhblakie"]
[Black "Catalin"]
[Result "1-0"]
[WhiteElo "2362"]
[BlackElo "2228"]

1. d4 d5 2. Nc3 Bf5 3. f3 e6 4. e4 dxe4 5. fxe4 Bg6 6. Nf3 Bb4 7. Bd3 Nc6 8. a3
Bxc3+ 9. bxc3 Qd7 10. Rb1 b6 11. Bb5 Bxe4 12. Ne5 Nxe5 13. Bxd7+ Nxd7 14. O-O
Ngf6 15. Qe2 O-O 16. Bg5 Bf5 17. Bxf6 Nxf6 18. Rb3 Rfd8 19. Rf4 a5 20. c4 Rd7
21. g4 Bg6 22. g5 Ne8 23. h4 Rad8 24. h5 Bf5 25. d5 g6 26. Re3 Nd6 27. dxe6 Bxe6
28. hxg6 hxg6 29. Rxe6 1-0

[Event "AUTO-MASTER-997"]
[Site "http://www.queenalice.com/game.php?id=835459"]
[Date "2010.9.20"]
[Round "2"]
[White "Catalin"]
[Black "bhblakie"]
[Result "0-1"]
[WhiteElo "2227"]
[BlackElo "2354"]

1. e4 e6 2. d4 d5 3. Nc3 Nf6 4. Bg5 dxe4 5. Nxe4 Be7 6. Bxf6 gxf6 7. Nf3 f5 8.
Nc3 a6 9. Bc4 Rg8 10. O-O b5 11. Bd3 Bb7 12. Qe2 Qd6 13. Kh1 b4 14. Nb1 Qxd4 15.
c3 Qg7 16. Rg1 Nc6 17. a4 bxc3 18. bxc3 Nb4 19. Bc4 Nd5 20. Qb2 Bb4 21. Ne1
O-O-O 22. Bxd5 Rxd5 23. Qxb4 Rd1 24. f3 Bxf3 25. Ra2 Rxe1 0-1

[Event "QA-ANNIV-06"]
[Site "http://www.queenalice.com/game.php?id=837015"]
[Date "2010.9.23"]
[Round "2"]
[White "bhblakie"]
[Black "ajr"]
[Result "1-0"]
[WhiteElo "2370"]
[BlackElo "1528"]

1. e4 e5 2. Nf3 d6 3. d4 Bg4 4. h3 Bxf3 5. Qxf3 Qf6 6. Qb3 b6 7. Nc3 a6 8. Be3
Nd7 9. O-O-O c6 10. dxe5 Nxe5 11. Qxb6 Qd8 12. Qb7 c5 13. Nd5 Rc8 14. Bxa6 Nf6
15. Nxf6+ 1-0

[Event "AUTO-ELITE-647"]
[Site "http://www.queenalice.com/game.php?id=852121"]
[Date "2010.10.29"]
[Round "1"]
[White "BEIGEBOOK"]
[Black "bhblakie"]
[Result "0-1"]
[WhiteElo "2228"]
[BlackElo "2381"]

1. d4 d5 2. c4 c6 3. e3 Nf6 4. Nf3 Bg4 5. Qb3 Qc7 6. Ne5 Bf5 7. cxd5 cxd5 8.
Bb5+ Nc6 9. Nc3 e6 10. Qa4 Rc8 11. Qxa7 Bd6 12. Bxc6+ bxc6 13. Qxc7 Rxc7 14. f3
O-O 15. e4 dxe4 16. g4 Bg6 17. Nxg6 hxg6 18. g5 Nd5 19. fxe4 Nxc3 20. bxc3 c5
21. e5 Be7 22. Be3 cxd4 23. Bxd4 Bxg5 24. a4 Ra8 25. Ke2 Rc6 26. Rhg1 Bf4 27.
Rg4 g5 28. h4 Ra5 29. Rb1 Rxa4 30. Rb8+ Kh7 31. hxg5 Ra2+ 32. Kd3 Bc1 33. Rg1
Rd2+ 34. Ke4 Re2+ 0-1

[Event "AUTO-ELITE-647"]
[Site "http://www.queenalice.com/game.php?id=852122"]
[Date "2010.10.29"]
[Round "1"]
[White "bhblakie"]
[Black "BEIGEBOOK"]
[Result "1-0"]
[WhiteElo "2371"]
[BlackElo "2307"]

1. e4 c6 2. d4 d5 3. Nc3 dxe4 4. Nxe4 Nf6 5. Nxf6+ exf6 6. Nf3 Bd6 7. Bd3 Qa5+
8. Bd2 Qh5 9. Qe2+ Kd8 10. O-O-O Re8 11. Be3 Bg4 12. h3 Bxf3 13. Qxf3 Qxf3 14.
gxf3 Nd7 15. c4 b6 16. h4 h5 17. f4 Ke7 18. Rhe1 Kf8 19. Be2 g6 20. f5 Kg7 21.
Bf3 Rac8 22. Kc2 a5 23. Rg1 Kh7 24. Rg2 Rg8 25. b3 b5 26. c5 Bb8 27. Bd2 b4 28.
Re1 1-0

[Event "AUTO-ELITE-647"]
[Site "http://www.queenalice.com/game.php?id=852127"]
[Date "2010.10.29"]
[Round "1"]
[White "Conde7"]
[Black "bhblakie"]
[Result "1-0"]
[WhiteElo "2651"]
[BlackElo "2395"]

1. a3 e5 2. c4 Nf6 3. e3 d5 4. cxd5 Nxd5 5. Nf3 Be7 6. Nxe5 O-O 7. Qc2 c5 8. Bd3
Nf6 9. f4 Be6 10. Nc3 Qb6 11. Nc4 Qc7 12. b3 Nc6 13. Bb2 Rfd8 14. O-O Qd7 15.
Be2 Bf5 16. Qd1 Rab8 17. Bf3 Bd3 18. Re1 Qe6 19. Ne2 Ne4 20. Ne5 Nxe5 21. Bxe5
Bd6 22. Bb2 Be7 23. Nc3 Nxc3 24. Bxc3 b5 25. b4 Rbc8 26. bxc5 Bxc5 27. Qc1 f6
28. Qb2 Bb6 29. a4 bxa4 30. Rxa4 Rc7 31. Rc1 Rdc8 32. h3 Kh8 33. Kh2 Qd7 34.
Rca1 Bb5 35. Rb4 Bc6 36. Bg4 f5 37. Bd1 Bc5 38. Rb8 Bb6 39. Rxc8+ Rxc8 40. Rc1
Rd8 41. Bf6 Rg8 42. Bb3 Bd5 43. Bxd5 Qxd5 44. Be5 Qd7 45. d4 Bd8 46. Qb3 Re8 47.
d5 Kg8 48. d6+ Kf8 49. Bb2 a5 50. Ba3 g6 51. Qd5 Kg7 52. Rb1 Kh6 53. Rb7 Qe6 54.
d7 Re7 55. Qxe6 Rxe6 56. Rb8 Rxe3 57. Bf8+ 1-0

[Event "AUTO-ELITE-647"]
[Site "http://www.queenalice.com/game.php?id=852128"]
[Date "2010.10.29"]
[Round "1"]
[White "bhblakie"]
[Black "Conde7"]
[Result "0-1"]
[WhiteElo "2396"]
[BlackElo "2658"]

1. e4 c6 2. d4 d5 3. Nc3 dxe4 4. Nxe4 Nd7 5. c3 Ngf6 6. Nxf6+ Nxf6 7. Bc4 Qc7 8.
Ne2 e6 9. Bg5 h6 10. Bf4 Bd6 11. Bxd6 Qxd6 12. Ng3 O-O 13. O-O c5 14. Re1 Qb6
15. dxc5 Qxc5 16. Qd3 Bd7 17. Rad1 Ba4 18. b3 Bc6 19. b4 Qb6 20. Bb3 a5 21. a3
axb4 22. axb4 Ra3 23. Qc2 Rfa8 24. Rb1 Ba4 25. Bxa4 R8xa4 26. Red1 Nd5 27. Ne4
Qc7 28. Rd4 Ra1 29. Rdd1 R1a2 30. Qd3 R4a3 31. Rbc1 b6 32. h3 Nf4 33. Qd8+ Qxd8
34. Rxd8+ Kh7 35. Ng3 h5 36. h4 g5 37. Rd7 Kg6 38. Rd4 f5 39. Re1 Rb2 40. hxg5
Kxg5 41. Re5 Raa2 42. Ne4+ Kg6 43. Nd2 Rxd2 44. Rxf4 Kf6 45. Re1 e5 46. Rf3 h4
47. Rf1 Kg5 48. c4 f4 49. Rc3 e4 50. c5 e3 51. Kh2 bxc5 52. bxc5 e2 53. Re1 Rd1
54. Rc1 Rxe1 55. Rxe1 f3 56. c6 Kf4 57. Rb1 Rc2 58. Rb4+ Ke5 59. Rb1 Rxc6 60.
gxf3 Kf4 61. Kg2 Re6 62. Re1 Rg6+ 63. Kh3 Kxf3 64. Kxh4 Kxf2 65. Rb1 e1=Q 66.
Rxe1 Kxe1 67. Kh5 Rg1 0-1

[Event "Challenge"]
[Site "http://www.queenalice.com/game.php?id=870463"]
[Date "2010.12.11"]
[Round "-"]
[White "Diemerlin"]
[Black "bhblakie"]
[Result "0-1"]
[WhiteElo "2189"]
[BlackElo "2389"]

1. d4 d5 2. Bf4 Bf5 3. e3 e6 4. c4 Bb4+ 5. Nc3 Nf6 6. Qb3 Nc6 7. a3 Bxc3+ 8.
Qxc3 O-O 9. f3 Nh5 10. Bg3 e5 11. dxe5 d4 12. exd4 Nxg3 0-1

[Event "Challenge"]
[Site "http://www.queenalice.com/game.php?id=870464"]
[Date "2010.12.11"]
[Round "-"]
[White "bhblakie"]
[Black "Diemerlin"]
[Result "1-0"]
[WhiteElo "2391"]
[BlackElo "2150"]

1. e4 e6 2. d4 d5 3. Nc3 Bb4 4. e5 c5 5. a3 Bxc3+ 6. bxc3 Qa5 7. Bd2 Qa4 8. Qb1
c4 9. Be2 Nc6 10. Qb2 Bd7 11. Bh5 Nge7 12. Ne2 Ng6 13. O-O O-O-O 14. Rfe1 Kb8
15. Rab1 b6 16. Nf4 1-0

[Event "QA-ANNIV-06"]
[Site "http://www.queenalice.com/game.php?id=885068"]
[Date "2011.1.12"]
[Round "3"]
[White "nuage"]
[Black "bhblakie"]
[Result "0-1"]
[WhiteElo "1504"]
[BlackElo "2388"]

1. e4 c6 2. d4 d5 3. e5 Nd7 4. Bd3 g6 5. Nf3 f6 6. exf6 Ngxf6 7. Bg5 Ne4 8. Bxe4
dxe4 9. Nfd2 Qa5 10. O-O Qxg5 11. Nxe4 Qf4 12. Re1 Bg7 13. Qe2 Bxd4 14. Ng3 O-O
15. Kh1 Bxb2 16. Qe6+ Rf7 17. Nd2 Bxa1 18. Rxa1 Qxd2 19. Ne4 Qf4 20. Re1 Nc5 21.
Qc4 Nxe4 22. Kg1 Qxf2+ 0-1

[Event "AUTO-ELITE-709"]
[Site "http://www.queenalice.com/game.php?id=898166"]
[Date "2011.2.9"]
[Round "1"]
[White "pumamercedino"]
[Black "bhblakie"]
[Result "1-0"]
[WhiteElo "2433"]
[BlackElo "2412"]

1. c4 Nf6 2. Nc3 e5 3. g3 d5 4. cxd5 Nxd5 5. Bg2 Nxc3 6. bxc3 Nc6 7. d3 Bc5 8.
Nf3 e4 9. dxe4 Qxd1+ 10. Kxd1 Be6 11. e3 Bc4 12. Kc2 O-O-O 13. Nd4 Ne5 14. Rd1
h5 15. f4 Nd7 16. e5 h4 17. g4 Rhe8 18. g5 Kb8 19. a4 a5 20. Bf3 Bb6 21. Ba3 Nc5
22. Bxc5 Bxc5 23. g6 fxg6 24. Rg1 Be6 25. Be4 Bd7 26. Rxg6 Re7 27. Kb2 Be8 28.
Rg5 Bb6 29. Rag1 g6 30. Bxg6 Bxa4 31. Be4 Bd7 32. Rg7 Rde8 33. Rxe7 Rxe7 34. Rg6
c6 35. Rh6 h3 36. Bd3 Kc7 37. Bf1 a4 38. Bxh3 Bxh3 39. Rxh3 Bxd4 40. cxd4 Rf7
41. Ka3 b5 42. Rh6 Rf8 43. Kb4 Rd8 44. f5 Ra8 45. Kc5 Kb7 46. Rg6 a3 47. f6 Rf8
48. Rg7+ Ka6 49. Rg2 Kb7 50. Ra2 Ra8 51. e6 1-0

[Event "AUTO-ELITE-709"]
[Site "http://www.queenalice.com/game.php?id=898167"]
[Date "2011.2.9"]
[Round "1"]
[White "bhblakie"]
[Black "pumamercedino"]
[Result "1/2-1/2"]
[WhiteElo "2395"]
[BlackElo "2298"]

1. d4 Nf6 2. Nf3 g6 3. c4 Bg7 4. Nc3 d6 5. e4 O-O 6. Be2 Na6 7. O-O e5 8. dxe5
dxe5 9. Be3 Qe7 10. a3 c6 11. b4 Nh5 12. Bg5 Bf6 13. Bxf6 Qxf6 14. h3 Nf4 15.
Qd2 Rd8 16. Qe3 Be6 17. Rfd1 Nc7 18. Bf1 Ne8 19. c5 Bb3 20. Rxd8 Rxd8 21. Rc1
Ng7 22. Rb1 Be6 23. b5 Bc8 24. bxc6 bxc6 25. Na2 Nge6 26. g3 Ng5 27. h4 Nxf3+
28. Qxf3 Nh3+ 29. Kg2 Qe6 30. Nc3 Rd2 31. Be2 Kg7 32. Qe3 Qd7 33. Rd1 Rd4 34.
Bd3 Qg4 35. Kh2 Qe6 36. Bf1 Qd7 37. Be2 Qd8 38. Rb1 Rd2 39. Rd1 Rxd1 40. Nxd1 g5
41. hxg5 Nxg5 42. f4 exf4 43. gxf4 Ne6 44. Bg4 Qh4+ 45. Qh3 Qxh3+ 46. Bxh3 Ba6
47. Bxe6 fxe6 48. a4 h5 49. Kg3 Bd3 50. Nf2 Be2 51. a5 Kg6 52. Nh3 Kf6 53. Kf2
Bd1 54. Ke3 e5 55. f5 h4 56. Kf2 a6 57. Ke3 Bc2 58. Nf2 Kg5 59. Kf3 Bb3 60. f6
Kxf6 61. Kg4 Bc4 62. Kxh4 Ke7 63. Kg4 Kf6 64. Kf3 Bb3 65. Nd3 Bc4 66. Ne1 Kg5
67. Nc2 Bb5 68. Ke3 Kf6 69. Na3 Ba4 70. Nc4 Bb3 71. Nb6 Ke6 72. Kd2 Ke7 73. Nc8+
Kd7 74. Nd6 Ba4 75. Ke3 Ke6 76. Kf3 Bd1+ 77. Kg3 Be2 78. Kh4 Kf6 79. Kg3 Ke6 80.
Kf2 Bd1 81. Ke3 Bb3 82. Nf5 Ba4 83. Kd2 Bb5 84. Nh4 Bc4 85. Ng2 Bb5 86. Ne3 Ba4
87. Ke2 Bb5+ 88. Kf2 Kf6 89. Nd1 Ke6 90. Nc3 Bc4 91. Kg3 Kf6 92. Kg4 Kg6 93. Na4
Bd3 94. Kf3 Kf6 95. Nb6 Ke6 96. Nc8 Bc2 97. Nd6 Kf6 98. Ne8+ Ke7 99. Nc7 Bd3
100. Na8 Bc4 101. Nb6 Be6 102. Ke3 Bb3 103. Nc8+ Kd7 104. Nd6 Ke6 105. Kd3 Kf6
106. Ne8+ Ke7 107. Nc7 Ba4 108. Ke3 Bb5 109. Kf3 Bd3 110. Ke3 Bc4 111. Kd2 Kf6
112. Ne8+ Ke7 113. Nd6 Be6 114. Kc3 1/2-1/2

[Event "AUTO-ELITE-709"]
[Site "http://www.queenalice.com/game.php?id=898172"]
[Date "2011.2.9"]
[Round "1"]
[White "bhblakie"]
[Black "kookaburra"]
[Result "1-0"]
[WhiteElo "2398"]
[BlackElo "2191"]

1. e4 d5 2. exd5 Nf6 3. Nf3 Nxd5 4. d4 g6 5. c4 Nb6 6. Nc3 Bg7 7. Be2 O-O 8. O-O
Bg4 9. h3 Bxf3 10. Bxf3 Nc6 11. c5 Nd7 12. Be3 Nf6 13. d5 Ne5 14. Be2 c6 15. f4
Ned7 16. dxc6 bxc6 17. Qa4 Qc7 18. Rad1 Rab8 19. b4 Nh5 20. Ne4 Ndf6 21. Nxf6+
Nxf6 22. Bf3 Rb5 23. Bd4 a5 24. Be5 Qb7 25. bxa5 Ra8 26. Kh2 Raxa5 27. Rd8+ Bf8
28. Qd4 Ra8 29. Rxa8 Qxa8 30. Rc1 Ra5 31. Rb1 Ra4 32. Qd1 Nd5 33. Rb8 Qa5 34.
Bxd5 cxd5 35. Qg4 Qxc5 36. Qd7 Ra6 37. Rxf8+ 1-0

[Event "AUTO-ELITE-709"]
[Site "http://www.queenalice.com/game.php?id=898173"]
[Date "2011.2.9"]
[Round "1"]
[White "kookaburra"]
[Black "bhblakie"]
[Result "0-1"]
[WhiteElo "2208"]
[BlackElo "2392"]

1. c4 Nf6 2. Nc3 e5 3. g3 d5 4. cxd5 Nxd5 5. Bg2 Nxc3 6. bxc3 Nc6 7. Rb1 Bc5 8.
Nf3 e4 9. Nd4 Nxd4 10. cxd4 Qxd4 11. O-O O-O 12. Bb2 Qd5 13. d3 Re8 14. Bxe4
Qxa2 15. Qc2 Bb6 16. Rfc1 c6 17. d4 f5 18. d5 fxe4 19. Qc3 Re7 20. d6 Rf7 21. e3
Bh3 22. Qe5 Raf8 23. Ra1 Qb3 24. Rab1 Bxe3 25. Bc3 Qc4 26. Rb2 Bxc1 0-1

[Event "AUTO-ELITE-580"]
[Site "http://www.queenalice.com/game.php?id=909830"]
[Date "2011.3.7"]
[Round "2"]
[White "bhblakie"]
[Black "plexus"]
[Result "0-1"]
[WhiteElo "2400"]
[BlackElo "2615"]

1. d4 Nf6 2. Nf3 g6 3. c4 Bg7 4. Nc3 O-O 5. e4 d6 6. Be2 e5 7. dxe5 dxe5 8. O-O
c6 9. Qxd8 Rxd8 10. Be3 Bg4 11. Rfd1 Nbd7 12. h3 Bxf3 13. Bxf3 Bf8 14. Na4 b6
15. Rab1 Nc5 16. Nxc5 Bxc5 17. Bg5 Kg7 18. Bh4 a5 19. Rbc1 Rd4 20. Bg3 Rxd1+ 21.
Rxd1 Bd4 22. Rd2 g5 23. Bh2 h5 24. g4 h4 25. Kf1 a4 26. Ke2 Ra7 27. Bg2 Nd7 28.
Kd1 a3 29. b3 Nc5 30. Kc2 Na6 31. Rd1 Nb4+ 32. Kb1 Kf6 33. Bg1 Ke7 34. Bf1 Rd7
35. Bh2 Rd6 36. f3 Bc5 37. Rxd6 Kxd6 38. Be2 f6 39. Bf1 Bf2 40. Be2 Kc5 41. Bf1
Kd4 42. Bg2 Ke3 43. Bh1 Ke2 44. Bg2 Bd4 45. Bh1 Kf1 0-1

[Event "AUTO-ELITE-580"]
[Site "http://www.queenalice.com/game.php?id=909831"]
[Date "2011.3.7"]
[Round "2"]
[White "plexus"]
[Black "bhblakie"]
[Result "1-0"]
[WhiteElo "2611"]
[BlackElo "2404"]

1. d4 Nf6 2. c4 e6 3. Nc3 Bb4 4. f3 d5 5. a3 Bxc3+ 6. bxc3 O-O 7. cxd5 exd5 8.
e3 Re8 9. Bd3 b6 10. Ne2 Ba6 11. O-O c5 12. Ng3 Bxd3 13. Qxd3 Nc6 14. Bb2 c4 15.
Qd2 h5 16. Rae1 h4 17. Nh1 h3 18. Ng3 Qd7 19. e4 hxg2 20. Qxg2 Re6 21. e5 Ne8
22. f4 Rh6 23. f5 f6 24. Bc1 Rh7 25. Ne2 fxe5 26. f6 Nxf6 27. Rxf6 Rh4 28. Rg6
Rf8 29. Bh6 Rf7 30. Kh1 exd4 31. cxd4 Rh5 32. Bxg7 Rxg7 33. Nf4 Rh6 34. Rxg7+
Qxg7 35. Qxd5+ Qf7 36. Re8+ Kg7 37. Qg2+ Rg6 38. Qxg6+ Qxg6 39. Nxg6 Nxd4 40.
Nf4 Kf7 41. Re4 Nc2 42. Rxc4 Nxa3 43. Rc7+ 1-0

[Event "QA-ANNIV-06"]
[Site "http://www.queenalice.com/game.php?id=924391"]
[Date "2011.4.10"]
[Round "4"]
[White "bhblakie"]
[Black "josekasparov"]
[Result "1-0"]
[WhiteElo "2394"]
[BlackElo "2337"]

1. e4 c5 2. Nf3 d6 3. Bb5+ Bd7 4. Bxd7+ Qxd7 5. d4 cxd4 6. Qxd4 Nc6 7. Qd3 g6 8.
O-O Bg7 9. Nc3 Nf6 10. Re1 O-O 11. Bf4 Rfd8 12. Rad1 Nh5 13. Bc1 Rac8 14. e5 Qe6
15. Nd4 Nxd4 16. Qxd4 Rc5 17. Qxc5 dxc5 18. Rxd8+ Bf8 19. Bh6 Ng7 20. Nd5 f5 21.
Bg5 Kf7 22. Nc7 Qc6 23. e6+ 1-0

[Event "QA-ANNIV-06"]
[Site "http://www.queenalice.com/game.php?id=967019"]
[Date "2011.7.31"]
[Round "5"]
[White "bhblakie"]
[Black "Pollyanna"]
[Result "0-1"]
[WhiteElo "2403"]
[BlackElo "2515"]

1. e4 e5 2. Nc3 Nf6 3. d3 d5 4. Nxd5 Nxd5 5. exd5 Qxd5 6. Nf3 Nc6 7. a3 Be7 8.
c4 Qe6 9. Be2 O-O 10. O-O Rd8 11. Ng5 Qf5 12. Ne4 Nd4 13. f4 Qd7 14. fxe5 Nxe2+
0-1